| 000 | 01161cam a2200277 a 4500 | ||
|---|---|---|---|
| 999 |
_c129762 _d129762 |
||
| 001 | 12574223 | ||
| 003 | ARRUPE | ||
| 005 | 20190828101405.0 | ||
| 008 | 011029s2002 enka b 001 0 eng | ||
| 010 | _a 2001006719 | ||
| 020 | _a1853838810 (hb. : acidfree paper) | ||
| 020 | _a1853838845 (pbk. : acidfree paper) | ||
| 040 |
_aDLC _cDLC _dDLC |
||
| 050 | 0 | 0 |
_aJC337 _b.K65 2002 |
| 082 | 0 | 0 |
_a300 _221 |
| 100 | 1 |
_aKnight, Barry, _d1947- _947966 |
|
| 245 | 1 | 0 |
_aReviving democracy : _bcitizens at the heart of governance / _cBarry Knight, Hope Chigudu, and Rajesh Tandon. |
| 260 |
_aLondon : _aSterling, VA : _bEarthscan Publications, _c2002. |
||
| 300 |
_axviii, 214 p. : _bill. ; _c22 cm. |
||
| 504 | _aIncludes bibliographical references (p. [193]-204) and index. | ||
| 650 | 0 |
_aCivil society. _917288 |
|
| 650 | 0 |
_aPolitical participation. _98001 |
|
| 700 | 1 |
_aChigudu, Hope Bagyendera. _947967 |
|
| 700 | 1 |
_aTandon, Rajesh. _947968 |
|
| 906 |
_a7 _bcbc _corignew _d1 _eecip _f20 _gy-gencatlg |
||
| 942 |
_2lcc _cMONOGRAPH |
||